Statistiques concernant Culture Générale - Série 1987

Cliquez ici pour prendre le quiz!

Statistiques générales

  • Ce quiz a été pris 64 fois
  • Le résultat moyen est 5 sur 10

Statistiques - réponses

QuestionRéponse% Correct
Quelle variété de fruit est le "bigarreau" ?cerise
88%
Comment appelle-t-on le cinquième doigt de la main chez l'homme et les grands singes ?auriculaire
88%
Dans la mythologie grecque, comment appelait-on le chien à trois têtes qui gardait l'entrée des Enfers ?Cerbère
88%
Comment appelle-t-on le lutin des légendes scandinaves ou une personne qui poste des messages tendancieux sur les forums internet afin d'alimenter les polémiques ?troll
80%
Comment s'appelait le navire battant pavillon britannique, qui vit se mutiner son équipage le 28 avril 1789 ? Cet épisode a fait l'objet de plusieurs adaptations au cinéma.Bounty
73%
Qui est l'auteur de l'œuvre de littérature pour la jeunesse "Le Petit Nicolas", illustrée par Sempé ?René Goscinny
47%
Comment appelle-t-on le petit rongeur nocturne originaire d'Afrique du Nord - représenté sur la photo ? - mot de 8 lettres commençant par "g"gerboise
36%
C'est un meuble d'eau et un petit chevalbidet
32%
Qui a écrit "Le Monde perdu en 1912 ?Arthur Conan Doyle
8%
En typographie,c'est une note placée non pas en bas de page, mais dans la marge d'un textemanchette
0%

Distribution des résultats

Percentile par nombre de réponses

% des personnes avec chaque résultat

Votre développement - résultats

Vous n’avez pas pris ce quiz